Southville International School and Colleges
Your cart is empty.
  • Cart
  • Lists
    Public lists Eva Luna New books Lux_list list_1
    Your lists Log in to create your own lists
  • Log in to your account
  • Your cookies
  • Search history
Southville International School and Colleges
  • Advanced search
  • Recent comments
  • Most popular
  • Libraries

Log in to your account

Log in with GOOGLE


If you do not have an external account, but do have a local account, you can still log in:

  1. Home
  2. MARC view: Berenstain Bear and too much vacation (The) /
Normal view MARC view ISBD view

Berenstain Bear and too much vacation (The) / (Record no. 103395)

[ view plain ]
MARC details
000 -LEADER
fixed length control field 00713nam a2200217 a 4500
005 - DATE AND TIME OF LATEST TRANSACTION
control field 20140412111301.0
008 - FIXED-LENGTH DATA ELEMENTS--GENERAL INFORMATION
fixed length control field 010215s19uu xx 00 eng d
020 ## - INTERNATIONAL STANDARD BOOK NUMBER
International Standard Book Number 0-394-83014-8
050 ## - LIBRARY OF CONGRESS CALL NUMBER
Classification number TR(PS E
Item number Be35To 1981
050 ## - LIBRARY OF CONGRESS CALL NUMBER
Classification number ER
Item number Be35To 1981
100 ## - MAIN ENTRY--PERSONAL NAME
Personal name Berenstain, Stan
245 ## - TITLE STATEMENT
Title Berenstain Bear and too much vacation (The) /
Statement of responsibility, etc Stan and Jan Berenstain.
260 ## - PUBLICATION, DISTRIBUTION, ETC. (IMPRINT)
Place of publication, distribution, etc New York :
Name of publisher, distributor, etc Random House,
Date of publication, distribution, etc 1989.
300 ## - PHYSICAL DESCRIPTION
Extent 1 v. (unp.) ; ill. ; col.
440 ## - SERIES STATEMENT/ADDED ENTRY--TITLE
Title A First Time Books
520 ## - SUMMARY, ETC.
Summary, etc The Bear family experiences one mishap after another when they vacation in the Great Grizzly Mountains
650 ## - SUBJECT ADDED ENTRY--TOPICAL TERM
Topical term or geographic name as entry element Vacation--Fiction
650 ## - SUBJECT ADDED ENTRY--TOPICAL TERM
Topical term or geographic name as entry element Bears--Fiction
Holdings
Withdrawn status Lost status Damaged status Use restrictions Home library Current library Shelving location Date acquired Source of acquisition Total Checkouts Full call number Barcode Date last seen Price effective from Koha item type
        Elizalde Library Elizalde Library Teachers Reference Section 02/15/2001     TR(PS E Be35To 1981 E4715 04/12/2014 04/12/2014 Books
        Elizalde Library Elizalde Library Easy Reading Section 02/07/2003     ER Be35To 1981 E8999 04/12/2014 04/12/2014 Books

Berenstain Bear and too much vacation (The) /

APA

Berenstain S., . (1989). Berenstain Bear and too much vacation (The). New York: Random House.

Chicago

Berenstain Stan, . 1989. Berenstain Bear and too much vacation (The). New York: Random House.

Harvard

Berenstain S., . (1989). Berenstain Bear and too much vacation (The). New York: Random House.

MLA

Berenstain Stan, . Berenstain Bear and too much vacation (The). New York: Random House. 1989.

  • Place hold
  • Print
  • Cite
  • Add to your cart (remove)
  • Save record
    BIBTEX Dublin Core MARCXML MARC (non-Unicode/MARC-8) MARC (Unicode/UTF-8) MARC (Unicode/UTF-8, Standard) MODS (XML) RIS
  • More searches
    Search for this title in:
    Other Libraries (WorldCat) Other Databases (Google Scholar) Online Stores (Bookfinder.com) Open Library (openlibrary.org)

Exporting to Dublin Core...

SOUTHVILLE LIBRARY

Southville International School and Colleges Library

1281 Tropical Ave. Cor. Luxembourg St., BF Homes International, Las Pinas City

Tel. No. 8256374 / 252358 Loc. 117/146

Powered by Koha